Sports Quiz

Random Sports or Famous Quiz

NBA Signature Moves Quiz Stats

 Plays Quiz not verified by Sporcle

Challenge
Share
Tweet
Score 0/24 Timer 07:00
0 Plays Today
Move Player % Correct
One Legged FadeDirk Nowitzki
80%
Chase Down BlockLebron James
80%
The Finger WagDikembe Mutombo
77.6%
The Sky HookKareem Abdul-Jabbar
77.2%
The Dream Shake Hakeem Olajuwon
73.3%
The Elbow PassJason Williams
72%
Underhand Free ThrowRick Barry
70.4%
EurostepMaun GInobili
65.6%
Crossover Pull Up ThreeStephen Curry
64%
Hesitation CrossoverAllen Iverson
63.2%
Bank ShotTim Duncan
55.4%
The Chalk TossLebron James
54.4%
Move Player % Correct
The Full Court OutletKevin Love
53.6%
Fast Break No Look PassMagic Johnson
50.4%
Fade AwayMichael Jordan
47.5%
Tearing ACL/Missing The SeasonDerrick Rose
44.6%
The Finger RollGeorge Gervin
43.6%
Special Delivery DunkKarl Malone
43.6%
Shake n BakeJamal Crawford
42.4%
Untying Other People's ShoesJ.R. Smith
36.6%
Black TornadoShaquille O'neal
28.8%
Torture ChamberKevin Mchale
23.2%
Jump Shot Leg KickReggie Miller
21.6%
UTEP 2-StepTim Hardaway
10.9%

You're not logged in!

Compare scores with friends on all Sporcle quizzes.
OR
Log In

You Might Also Like...

Show Comments

Extras

Top Quizzes Today


Score Distribution

Your Account Isn't Verified!

In order to create a playlist on Sporcle, you need to verify the email address you used during registration. Go to your Sporcle Settings to finish the process.

Report this User

Report this user for behavior that violates our Community Guidelines.

Details: